Score 0/20 Timer 03:00
0 Plays Today
Hint Answer % Correct
…Baby One _____ TimeMore
96.9%
Born in the _____U.S.A.
95.1%
_____ Over Troubled WaterBridge
94.4%
A _____ Day's NightHard
93.8%
Let's _____ About LoveTalk
93.6%
Band on the _____Run
88.8%
All Eyez on _____Me
80.4%
After the _____ RushGold
74.3%
Devil _____ a CauseWithout
71.9%
The _____ Mathers LPMarshall
69.2%
Hint Answer % Correct
The _____ in MeWoman
55.9%
Exile on _____ St.Main
55.8%
One of the _____Boys
54.3%
_____ in the MachineGhost
48.6%
_____ on the TracksBlood
46.8%
_____ in the AtticToys
44.9%
Blood _____ Sex MagikSugar
44.5%
My _____ is TrueAim
41.4%
_____ for the PeopleAutomatic
37.2%
August and _____ AfterEverything
24.9%

Today's Daily Dose

Remove Ads.
Support Sporcle.
Get the best of Sporcle when you Go Orange. This ad-free experience offers more features, more stats, and more fun while also helping to support Sporcle. Thank you for becoming a member.

You're not logged in!

Compare scores with friends on all Sporcle quizzes.
OR
Log In

Show Comments

Extras

Top Quizzes Today


Score Distribution

Your Account Isn't Verified!

In order to create a playlist on Sporcle, you need to verify the email address you used during registration. Go to your Sporcle Settings to finish the process.

Report this User

Report this user for behavior that violates our Community Guidelines.

Details: